00776nam a2200229Ia 450000500170000000800410001702000150005804100080007308200190008110000260010024500880012625000220021430000290023665000550026565000310032065000260035126400460037733600270042333700330045033800280048304000350051120220316235653.0121119s2003 ck gr 000 0 spa  a95864621490 aspa04a364.601 bM65E1 aMontes Giraldo, Mario13aLa ejecución de la pena desde los derechos de los reclusos cMario Montes Giraldo aPrimera edición axx, 155 páginasc22 cm14aAdministración de justicia penalzColombia2LEMB14aSentenciaszColombia2LEMB14aPenaszColombia2LEMB aBogotá bEdiciones Doctrina y Leyc2003 atextobtxt2rdacontent asin mediaciónbn2rdamedia avolumenbnc2rdacarrier aCO-BoRNBPbspaerdacCO-BoRNBP